Statistics for Touhou Characters by Picture - Lunatic Mode

Click here to take the quiz!

General Stats

  • This quiz has been taken 364 times
  • The average score is 98 of 158

Answer Stats

Answer% Correct
Hong Meiling
94%
Sakuya Izayoi
93%
Fujiwara no Mokou
92%
Yukari Yakumo
92%
Clownpiece
90%
Reimu Hakurei
90%
Marisa Kirisame
89%
Flandre Scarlet
88%
Remilia Scarlet
88%
Youmu Konpaku
88%
Cirno
87%
Reisen Udongein Inaba
87%
Yuyuko Saigyouji
87%
Nue Houjuu
86%
Patchouli Knowledge
86%
Ran Yakumo
86%
Alice Margatroid
85%
Chen
85%
Rumia
85%
Sanae Kochiya
84%
Keine Kamishirasawa
83%
Suwako Moriya
83%
Aya Shameimaru
82%
Koishi Komeiji
82%
Nazrin
82%
Nitori Kawashiro
82%
Satori Komeiji
82%
Tewi Inaba
82%
Kaguya Houraisan
81%
Rin Kaenbyou
80%
Suika Ibuki
80%
Tenshi Hinanawi
79%
Junko
78%
Wriggle Nightbug
78%
Yuuka Kazami
78%
Eirin Yagokoro
76%
Iku Nagae
76%
Lunasa Prismriver
76%
Kanako Yasaka
75%
Medicine Melancholy
75%
Eiki Shiki
74%
Hina Kagiyama
74%
Shion Yorigami
74%
Utsuho Reiuji
74%
Daiyousei
73%
Koakuma
73%
Momiji Inubashiri
73%
Star Sapphire
73%
Byakuren Hijiri
72%
Letty Whiterock
72%
Lyrica Prismriver
72%
Merlin Prismriver
72%
Mima
72%
Rinnosuke Morichika
72%
Sunny Milk
72%
Hecatia Lapislazuli
71%
Kogasa Tatara
71%
Komachi Onozuka
71%
Mystia Lorelei
71%
Hata no Kokoro
70%
Okina Matara
70%
Luna Child
69%
Toyosatomimi no Miko
69%
Doremy Sweet
68%
Lily White
68%
Minoriko Aki
68%
Seija Kijin
68%
Sekibanki
68%
Hatate Himekaidou
67%
Kasen Ibaraki
67%
Parsee Mizuhashi
67%
Ringo
67%
Yuugi Hoshiguma
67%
Aunn Komano
66%
Joon Yorigami
66%
Minamitsu Murasa
66%
Shizuha Aki
65%
Mononobe no Futo
64%
Seiga Kaku
64%
Mamizou Futatsuiwa
63%
Mike Goutokuji
63%
Wakasagihime
63%
Shanghai
62%
Sumireko Usami
62%
Eternity Larva
61%
Raiko Horikawa
61%
Seiran
61%
Chimata Tenkyuu
60%
Hieda no Akyuu
60%
Kagerou Imaizumi
60%
Maribel Hearn
60%
Unzan
60%
Renko Usami
59%
Sagume Kishin
59%
Sariel
59%
Ichirin Kumoi
58%
Yoshika Miyako
58%
Elly
57%
Shou Toramaru
57%
Eika Ebisu
56%
Kisume
56%
Tsukasa Kudamaki
56%
Benben Tsukumo
55%
Orange
55%
Shinmyoumaru Sukuna
55%
Yuuma Toutetsu
55%
Kutaka Niwatari
54%
Saki Kurokoma
54%
Yamame Kurodani
54%
Soga no Tojiko
53%
Kyouko Kasodani
52%
Hourai
51%
Keiki Haniyasushin
51%
Momoyo Himemushi
51%
Watatsuki no Yorihime
51%
Sannyo Komakusa
50%
Yachie Kicchou
50%
Mai Teireida
49%
Shinki
48%
Watatsuki no Toyohime
48%
Yatsuhashi Tsukumo
48%
Chiyuri Kitashirakawa
47%
Kosuzu Motoori
47%
Takane Yamashiro
46%
Genjii
45%
Narumi Yatadera
45%
Rin Satsuki
45%
Urumi Ushizaki
45%
Megumu Iizunamaru
44%
Mai
43%
Mayumi Joutouguu
43%
Satono Nishida
43%
Miyoi Okunoda
42%
Nemuno Sakata
38%
Goliath Doll
37%
Konngara
37%
Rika
37%
Yumemi Okazaki
37%
Elis
36%
Meira
36%
SinGyoku
36%
Kotohime
35%
Yuki
35%
Sara
34%
Kana Anaberal
33%
Tokiko
33%
Ellen
32%
Rikako Asakura
32%
Ruukoto
32%
Yumeko
32%
Misumaru Tamatsukuri
31%
Gengetsu
30%
Kikuri
30%
Kurumi
29%
Mugetsu
29%
Louise
28%
YuugenMagan
28%
Sokrates
25%

Score Distribution

Percentile by Number Answered

Percent of People with Each Score

Your Score History

You have not taken this quiz